| 000 | 00339nam a22001451a 4500 | ||
|---|---|---|---|
| 020 | _a9788174870704 | ||
| 082 |
_aH 070.4 _bNCP/P |
||
| 100 | _aN C Panth | ||
| 245 |
_aPatrakarita ka avlokan/ _cby N C Panth |
||
| 260 |
_aNew Delhi: _bRadha, _c1996. |
||
| 300 | _a165p. | ||
| 650 | _aJournalism Hindi | ||
| 650 | _aJournalism | ||
| 942 | _cBK | ||
| 999 |
_c33890 _d33890 |
||